| 000 | 00500nam a2200157Ia 4500 | ||
|---|---|---|---|
| 001 | 4370 | ||
| 008 | 241024s9999 xx 000 0 und d | ||
| 020 | _a978-99934-24-64-2 | ||
| 082 | _aRD/371.07/H519p/2013 | ||
| 100 | _aArgentina Henríquez | ||
| 245 | 0 | _aProyectos Participativos de Aula. Construcción colectiva de aprendizajes desde una perspectiva integradora y crítica | |
| 260 |
_bEditorial Centro Cultural Poveda _c2013 |
||
| 590 | _asi | ||
| 901 | _a5/9/2016 10:55:01 a.m. | ||
| 999 |
_c8912 _d8912 |
||